000 00573nam a2200253 a 4500
003 AR-BaBNM
005 20251128202947.0
008 082120s2002 ||||||||||||||000 | spa||
040 _cAR-BaBNM
100 1 _aZweig, Stefan
245 0 0 _aMaría Estuardo
250 _a4ª ed.
260 _aBarcelona
_bJuventud
_c1952
300 _a381 p.
_bláms.
650 4 _aBIOGRAFIAS
650 4 _aHISTORIA
650 4 _aSIGLO DIECISEIS
651 4 _aReino Unido
651 4 _aInglaterra
651 4 _aEscocia
655 _aBIOGRAFIAS
942 _cBK
998 _cEnrique
999 _c1282
_d1282